| 000 | 00784 a2200229 4500 | ||
|---|---|---|---|
| 003 | OSt | ||
| 005 | 20180116182907.0 | ||
| 008 | 170726b xxu||||| |||| 00| 0 eng d | ||
| 020 | _a0553277375 (mass market paperback) | ||
| 020 | _a9780553277371 (mass market paperback) | ||
| 040 | _c0 | ||
| 082 | 0 | 4 | _a301.24 TOF 1990 |
| 100 | 1 | _aToffler, Alvin. | |
| 245 | 1 | 0 |
_aFuture shock _cAlvin Toffler. |
| 250 | _a1st ed. | ||
| 260 |
_a[S.l.] : _bBantam, _c1990 |
||
| 300 |
_a576 p. ; _c18 cm. |
||
| 440 | _aFuture shock | ||
| 520 | _aExamines the effects of rapid industrial and technological changes upon the individual, the family, and society. | ||
| 856 | 4 | 0 |
_3Amazon.com _uhttp://www.amazon.com/exec/obidos/ASIN/0553277375/chopaconline-20 |
| 942 |
_aNBS _cBK _k301.24 TOF 1990 _2ddc |
||
| 999 |
_c347992 _d347992 |
||